[Event "last chance to add points to your rating this year"]
[Site "SchemingMind.com"]
[Date "2009.12.19"]
[Round "-"]
[White "APB"]
[Black "lemmie"]
[Result "1-0"]
[WhiteCountry "ENG"]
[BlackCountry "NED"]
[WhiteElo "1587"]
[WhiteRD "57"]
[BlackElo "1630"]
[BlackRD "48"]
[GameID "231770"]

1. e4 e5 2. Nf3 Nc6 3. Bc4 Bc5 4. c3 h6 5. d4 exd4 6. cxd4 Bb4+ 7. Bd2 Bxd2+ 8. Nbxd2 d6 9. Qb3 Qe7 10. d5 Na5
11. Qd3 Nxc4 12. Qxc4 Nf6 13. O-O O-O 14. h3 a6 15. Rfe1 Re8 16. e5 dxe5 17. Nxe5 Qd6 18. Ng4 Rxe1+ 19. Rxe1 Nxg4 20. Re8+ Kh7
21. Qd3+ g6 22. hxg4 Qd7 23. Qe4 b6 24. Qe5
1-0

[Event "last chance to add points to your rating this year"]
[Site "SchemingMind.com"]
[Date "2009.12.24"]
[Round "-"]
[White "APB"]
[Black "Schaakmaatje"]
[Result "1-0"]
[WhiteCountry "ENG"]
[BlackCountry "NED"]
[WhiteElo "1587"]
[WhiteRD "57"]
[BlackElo "1680"]
[BlackRD "47"]
[GameID "231771"]

1. e4 e5 2. Nf3 Nc6 3. Bc4 Bc5 4. c3 Nf6 5. d3 O-O 6. O-O h6 7. d4 exd4 8. cxd4 Bb6 9. e5 Ne4 10. Nc3 Nxc3
11. bxc3 Na5 12. Bd3 d5 13. exd6 Qxd6 14. Ne5 Nc6 15. Bf4 Nxe5 16. Bxe5 Qe7 17. Re1 Qg5 18. Re3 c6 19. Rg3
1-0

[Event "last chance to add points to your rating this year"]
[Site "SchemingMind.com"]
[Date "2009.12.19"]
[Round "-"]
[White "APB"]
[Black "muxman"]
[Result "0-1"]
[WhiteCountry "ENG"]
[BlackCountry "ITA"]
[WhiteElo "1587"]
[WhiteRD "57"]
[BlackElo "1700"]
[BlackRD "87"]
[GameID "231773"]

1. e4 e6 2. d4 d5 3. Nd2 Nf6 4. e5 Nfd7 5. Bd3 c5 6. dxc5 Bxc5 7. Ngf3 Qb6 8. O-O Nc6 9. Nb3 Bd4 10. Nbxd4 Nxd4
11. Be3 Nxf3+ 12. Qxf3 Qxb2 13. Qf4 Qxe5 14. Qa4 O-O 15. Bd4 Qd6 16. c3 Nc5 17. Bxc5 Qxc5 18. Qh4 h6 19. c4 b6 20. Rae1 Bb7
21. Re3 dxc4 22. Bxc4 Rfc8 23. Bd3 Qg5 24. Qxg5 hxg5 25. Re5 Rc5 26. Re3 g6 27. Be4 Bxe4 28. Rxe4 Rc2 29. g3 Kg7 30. Rg4 f6
31. Re1 e5 32. Rd1 Rf8 33. Ra4 a5 34. h4 Kf7 35. Rd7+ Kg8 36. Rb7 Rb2 37. Rc4 Rf7 38. Rc8+ Kg7 39. Rbb8 Re7 40. Rg8+ Kf7
41. Rbf8+ Ke6 42. hxg5 Rf7 43. gxf6 Kxf6 44. Rb8 Kg5 45. Rgd8 Rfxf2
0-1

[Event "last chance to add points to your rating this year"]
[Site "SchemingMind.com"]
[Date "2009.12.19"]
[Round "-"]
[White "jtrochez1"]
[Black "APB"]
[Result "0-1"]
[WhiteCountry "HON"]
[BlackCountry "ENG"]
[WhiteElo "1530"]
[WhiteRD "51"]
[BlackElo "1587"]
[BlackRD "57"]
[GameID "231774"]

1. e4 c5 2. Nf3 e6 3. d4 Nf6 4. Nc3 d5 5. e5 Nfd7 6. Be2 cxd4 7. Qxd4 Bc5 8. Qg4 g6 9. O-O Nc6 10. Bh6 Ndxe5
11. Nxe5 Nxe5 12. Qa4+ Bd7 13. Qb3 Qc7 14. a3 a6 15. Bg7 Rg8 16. Bf6 Nc6 17. Bd3 b5 18. Rae1 Kf8 19. Kh1 Qf4 20. Bg5 Qxg5
21. f4 Qh6 22. Ne2 Bb6 23. c3 a5 24. Qxb5 Rb8 25. Qa4 f5 26. Qd1 e5 27. b4 Bc7 28. Qd2 exf4 29. Nxf4 g5 30. Nh3 f4
31. Be2 Bxh3 32. gxh3 Qxh3 33. Qxd5 Ne7 34. Qf3 Qh6 35. Qh5 Qc6+ 36. Qf3 Qd6 37. Rd1 Qe5 38. Rfe1 g4 39. Qd3 f3 40. Qxh7 fxe2
41. Rd4 Rh8
0-1

[Event "last chance to add points to your rating this year"]
[Site "SchemingMind.com"]
[Date "2009.12.19"]
[Round "-"]
[White "TONYTODD11"]
[Black "APB"]
[Result "0-1"]
[WhiteCountry "ENG"]
[BlackCountry "ENG"]
[WhiteElo "1498"]
[WhiteRD "69"]
[BlackElo "1587"]
[BlackRD "57"]
[GameID "231775"]

1. e4 c5 2. d4 cxd4 3. c3 dxc3 4. Nxc3 Nc6 5. Nf3 d6 6. Bd3 Nf6 7. Be3 Ng4 8. Qd2 Nxe3 9. Qxe3 h6 10. O-O e5
11. Rad1 a6 12. Bc4 Be7 13. Nd5 Bg5 14. Nxg5 hxg5 15. Qb3 Na5 16. Qb4 Nxc4 17. Qxc4 Bd7 18. Rd3 Bb5 19. Nc7+ Kf8 20. Nxb5 axb5
21. Qc1 Rxa2 22. Qd2 Ra6 23. Rd1 Rh6 24. Rd5 Ra5 25. b4 Ra6 26. f3 Qb6+
0-1

[Event "last chance to add points to your rating this year"]
[Site "SchemingMind.com"]
[Date "2009.12.24"]
[Round "-"]
[White "calidore"]
[Black "APB"]
[Result "1-0"]
[WhiteCountry "ISR"]
[BlackCountry "ENG"]
[WhiteElo "1995"]
[WhiteRD "74"]
[BlackElo "1535"]
[BlackRD "61"]
[GameID "231776"]

1. e4 c5 2. c3 d5 3. exd5 Qxd5 4. d4 g6 5. Nf3 Bg7 6. Be3 Bg4 7. Be2 cxd4 8. cxd4 Bxf3 9. Bxf3 Qd6 10. O-O Nc6
11. Nc3 a6 12. Rc1 e6 13. Na4 Nxd4 14. Bxd4 Bxd4 15. Bxb7 Rb8 16. Bc6+ Ke7 17. Rc4 Rb4 18. Rxb4 Qxb4 19. Qd3 Kf6 20. a3 Qd6
21. Qf3+ Kg7 22. Rd1 Ne7 23. Bb7 Nf5 24. Nc3 Rb8 25. Be4 Rxb2 26. Bxf5 exf5 27. Ne2 Qb6 28. Nxd4 Rb1 29. h3 Rxd1+ 30. Qxd1 Qc5
31. a4 Kf6 32. Nf3 Ke6 33. Qe2+ Kf6 34. Qxa6+ Kg7 35. g3 Qc1+ 36. Kg2 Kh6 37. a5 Kh5 38. Qf6 Kh6 39. Qxf7 Qc5 40. a6
1-0

[Event "last chance to add points to your rating this year"]
[Site "SchemingMind.com"]
[Date "2009.12.21"]
[Round "-"]
[White "Queeny"]
[Black "APB"]
[Result "1-0"]
[WhiteCountry "ENG"]
[BlackCountry "ENG"]
[WhiteElo "1572"]
[WhiteRD "64"]
[BlackElo "1587"]
[BlackRD "57"]
[GameID "231777"]

1. e4 c5 2. Bb5 a6 3. Bc4 e6 4. Nf3 Nc6 5. O-O Nf6 6. d3 d6 7. Bg5 b5 8. Bb3 Be7 9. a4 b4 10. a5 Nxa5
11. Ba4+ Nd7 12. Bxe7 Kxe7 13. c3 bxc3 14. bxc3 h6 15. d4 f6 16. Bxd7 Bxd7 17. dxc5 dxc5 18. e5 Bb5 19. exf6+ gxf6 20. Re1 Qxd1
21. Rxd1 Nc4 22. Na3 Nxa3 23. Rxa3 Rhd8 24. Rxd8 Rxd8 25. h3 Rg8 26. Nd2 Be2 27. Ra5 Bb5 28. c4 Bc6 29. g3 Rd8 30. Rxa6 Rxd2
31. Rxc6 Rd4 32. Rxc5 Kf7 33. Kg2 f5 34. Rc7+ Kf6 35. f4 h5 36. h4 Kg6 37. Rc8 Kf6 38. Kf2 Re4 39. Rc7 Kg6= 40. c5 e5
41. fxe5 Rxe5 42. Rc8 Kf6 43. c6 Ke6 44. Re8+
1-0

[Event "last chance to add points to your rating this year"]
[Site "SchemingMind.com"]
[Date "2009.12.21"]
[Round "-"]
[White "Clive Everill"]
[Black "APB"]
[Result "1-0"]
[WhiteCountry "CZE"]
[BlackCountry "ENG"]
[WhiteElo "1709"]
[WhiteRD "47"]
[BlackElo "1587"]
[BlackRD "57"]
[GameID "231778"]

1. e4 c5 2. Nf3 e6 3. Qe2 a6 4. g3 Be7 5. Bg2 d6 6. d4 cxd4 7. Nxd4 Nf6 8. Nc3 O-O 9. O-O d5 10. e5 Nfd7
11. f4 Nb6 12. b3 f6 13. Bh3 f5 14. Be3 Bb4 15. Nd1 Nc6 16. c3 Be7 17. Qf2 Nxd4 18. Bxd4 Nd7 19. Ne3 Nc5 20. Bg2 g5
21. fxg5 Nd3 22. Qd2 Nxe5 23. Bxe5 Bxg5 24. Qd4 Rf6 25. Bxf6 Bxf6 26. Qd3 Bd7 27. Rfd1 Rc8 28. Rac1 b5 29. Nxf5 exf5 30. Qxd5+ Kh8
31. Qxd7 Qb6+ 32. Kh1 Rd8 33. Qxf5
1-0

[Event "last chance to add points to your rating this year"]
[Site "SchemingMind.com"]
[Date "2009.12.19"]
[Round "-"]
[White "lemmie"]
[Black "APB"]
[Result "0-1"]
[WhiteCountry "NED"]
[BlackCountry "ENG"]
[WhiteElo "1630"]
[WhiteRD "48"]
[BlackElo "1587"]
[BlackRD "57"]
[GameID "231779"]

1. e4 c5 2. Nf3 d6 3. Nc3 Nc6 4. d4 cxd4 5. Nxd4 Nf6 6. Bg5 Bd7 7. Be2 Qa5 8. Bxf6 gxf6 9. Nb3 Qg5 10. O-O Bh3
11. Bf3 Ne5 12. Nd4 Bxg2 13. Bxg2 Rg8 14. Nce2 Qxg2#
0-1

[Event "last chance to add points to your rating this year"]
[Site "SchemingMind.com"]
[Date "2009.12.24"]
[Round "-"]
[White "Schaakmaatje"]
[Black "APB"]
[Result "0-1"]
[WhiteCountry "NED"]
[BlackCountry "ENG"]
[WhiteElo "1680"]
[WhiteRD "47"]
[BlackElo "1587"]
[BlackRD "57"]
[GameID "231780"]

1. e4 c5 2. Nf3 d6 3. d4 Nf6 4. Nc3 Qa5 5. Bd2 Qb6 6. Be3 Nc6 7. dxc5 dxc5 8. e5 Ng4 9. Nd5 Qa5+ 10. Bd2 Qd8
11. Bc3 e6 12. Nf4 Qc7 13. Bb5 f6 14. Bxc6+ Qxc6 15. exf6 gxf6 16. Qe2 Bg7 17. h3 Nh6 18. O-O-O Bd7 19. Rd3 O-O-O 20. Rhd1 e5
21. Nd5 Rhe8 22. Nd2 Be6 23. Ne3 Bxa2 24. Rxd8+ Rxd8 25. Ndc4 Bxc4 26. Qxc4 Rxd1+ 27. Kxd1 Kb8 28. f3 Bf8 29. Ke2 b5 30. Qd3 Nf7
31. Qxh7 Ng5 32. Qf5 Be7 33. h4 Ne6 34. h5 Ng7 35. Qg6 Ne6 36. h6 Nf4+
0-1

[Event "last chance to add points to your rating this year"]
[Site "SchemingMind.com"]
[Date "2009.12.19"]
[Round "-"]
[White "muxman"]
[Black "APB"]
[Result "1-0"]
[WhiteCountry "ITA"]
[BlackCountry "ENG"]
[WhiteElo "1700"]
[WhiteRD "87"]
[BlackElo "1587"]
[BlackRD "57"]
[GameID "231782"]

1. e4 c5 2. c3 Nf6 3. e5 Nd5 4. d4 cxd4 5. cxd4 d6 6. Nf3 Nc6 7. Be2 e6 8. O-O Be7 9. Nc3 Nxc3 10. bxc3 O-O
11. Bd3 f6 12. Bf4 fxe5 13. dxe5 Rxf4 14. Qe2 Qa5 15. Qc2 Nxe5 16. Nxe5 dxe5 17. Bxh7+ Kf8 18. Be4 Bc5 19. Bf3 Rb8 20. Rae1 Qc7
21. Qh7 Qf7 22. Bh5 Qg8 23. Qg6 Bd7 24. Rxe5 Rf6 25. Qd3 Rf5 26. Rxf5+ exf5 27. Qxd7 g6 28. Qc7 Rc8 29. Qxc8+
1-0